THE INVESTMENT (Record no. 19791)
[ view plain ]
| 000 -LEADER | |
|---|---|
| fixed length control field | 00271nam a22001097a 4500 |
| 082 ## - DEWEY DECIMAL CLASSIFICATION NUMBER | |
| Classification number | 332.642 PIC |
| 100 ## - MAIN ENTRY--PERSONAL NAME | |
| Personal name | PICKARD W.T. & LEWIS L.E.A |
| 245 ## - TITLE STATEMENT | |
| Title | THE INVESTMENT |
| 260 ## - PUBLICATION, DISTRIBUTION, ETC. | |
| Place of publication, distribution, etc. | LONDON |
| Name of publisher, distributor, etc. | THE BULDING SOCIETIES INSTITUTE |
| Date of publication, distribution, etc. | 1988 |
| 300 ## - PHYSICAL DESCRIPTION | |
| Extent | 43p. |
| Other physical details | :ill.;21cm |
| 942 ## - ADDED ENTRY ELEMENTS (KOHA) | |
| Koha item type | Books |
| Withdrawn status | Lost status | Damaged status | Not for loan | Home library | Current library | Shelving location | Date acquired | Total Checkouts | Full call number | Date last seen | Price effective from | Koha item type |
|---|---|---|---|---|---|---|---|---|---|---|---|---|
| IFM Main Campus Library | IFM Main Campus Library | Archival Collection | 05/15/2015 | 332.642 PIC | 08/14/2018 | 08/14/2018 | Books |
